000 00522nam a2200193 a 4500
001 18282
003 CO-ViMGA
008 141112s2004 ck r 000 u spa d
020 _a9706510311
040 _aCO-ViMGA
_bspa
_cCO-ViMGA
082 0 4 _a323.4 R377
100 1 _aRestrepo, Luis Carlos
_926042
245 1 0 _aEl Derecho a la Ternura
260 _aBogotá,
_cOceano Arango Editores,
_c1997
300 _a141 p.
650 1 4 _aDERECHOS CIVILES - ENSAYOS
_926043
650 1 4 _aTERNURA - ENSAYOS
_926044
942 _2ddc
_cBK
999 _c27627
_d27627